LANGUAGE AND THOUGHTS (Record no. 1568)

000 -LEADER
fixed length control field 00250nam a22000977a 4500
008 - FIXED-LENGTH DATA ELEMENTS--GENERAL INFORMATION
fixed length control field 150828b xxu||||| |||| 00| 0 eng d
082 ## -
Classification number 153.6 CAR
100 ## - MAIN ENTRY--PERSONAL NAME
Personal name CARROL, JOHN B.
245 ## - TITLE STATEMENT
Title LANGUAGE AND THOUGHTS
260 ## - PUBLICATION, DISTRIBUTION, ETC. (IMPRINT)
Place of publication, distribution, etc. ENGLEWOOD
Name of publisher, distributor, etc. PRENTICE -HALL
Date of publication, distribution, etc. 1964
Holdings
Withdrawn status Lost status Source of classification or shelving scheme Damaged status Koha normalized classification for sorting Not for loan Home library Current library Shelving location Date acquired Total Checkouts Full call number Date last seen Price effective from Koha item type
        153_600000000000000_CAR   Dodoma Dodoma Ground Floor 28/08/2015   153.6 CAR 29/07/2019 28/08/2015 BOOKS

IRDP © 2019 :: Managed by IRDP ICT Unit